Comprehensive Ophthalmology: (Record no. 44131)

MARC details
001 - CONTROL NUMBER
control field 18819243
003 - CONTROL NUMBER IDENTIFIER
control field 00000
005 - DATE AND TIME OF LATEST TRANSACTION
control field 20260313104209.0
008 - FIXED-LENGTH DATA ELEMENTS--GENERAL INFORMATION
fixed length control field 151015s2015 ii 001 0 eng d
010 ## - LIBRARY OF CONGRESS CONTROL NUMBER
LC control number 2015458467
020 ## - INTERNATIONAL STANDARD BOOK NUMBER
International Standard Book Number 9789356963337
035 ## - SYSTEM CONTROL NUMBER
System control number 18819243
035 ## - SYSTEM CONTROL NUMBER
System control number (OCoLC)973225916
040 ## - CATALOGING SOURCE
Original cataloging agency FQM
Language of cataloging eng
Transcribing agency FQM
Description conventions rda
Modifying agency OCLCO
-- OCLCQ
-- OCLCF
-- OCLCA
-- UKHLN
-- DLC
042 ## - AUTHENTICATION CODE
Authentication code lccopycat
050 00 - LIBRARY OF CONGRESS CALL NUMBER
Classification number RE 46 .K48
082 04 - DEWEY DECIMAL CLASSIFICATION NUMBER
Classification number 617.7
Edition number 20
100 1# - MAIN ENTRY--PERSONAL NAME
Personal name Khurana, A. K.,
Relator term author.
245 10 - TITLE STATEMENT
Title Comprehensive Ophthalmology:
Remainder of title As per competency based medical education curriculum (NMC)
Statement of responsibility, etc A.K. Khurana, MS, FAICO, CTO (London), Senior Professor and Head, Regional Institute of Ophthalmology, Postgraduate Institute of Medical Sciences, Rohtak, Haryana, India, Aruj K. Khurana, DNB (Sankara Nethralaya, Chennai), FICO, Department of Ophthalmology, Himalayan Institute of Medical Sciences, Jolly Grant, Dehradun (UK), India, Bhawna Khurana, MS, DNB, FICO, Department of Ophthalmology, All India Institute of Medical Sciences (AIIMS), Rishikesh (UK), India.
250 ## - EDITION STATEMENT
Edition statement 9th ed.
264 #1 - PUBLICATION, DISTRIBUTION, ETC. (IMPRINT)
Place of publication, distribution, etc New Delhi ;
-- Philadelphia :
Name of publisher, distributor, etc Jaypee, The Health Sciences Publisher,
Date of publication, distribution, etc 2023
300 ## - PHYSICAL DESCRIPTION
Extent xx, 498p. ill.
336 ## - CONTENT TYPE
Content type term text
Content type code txt
Source rdacontent
337 ## - MEDIA TYPE
Media type term unmediated
Media type code n
Source rdamedia
338 ## - CARRIER TYPE
Carrier type term volume
Carrier type code nc
Source rdacarrier
500 ## - GENERAL NOTE
General note Includes index.
504 ## - BIBLIOGRAPHY, ETC. NOTE
Bibliography, etc Includes bibliographical references and index.
505 0# - FORMATTED CONTENTS NOTE
Formatted contents note Anatomy and development of eye -- Physiology of eye and vision -- Elementary and physiological optics -- Errors of refraction and accommodation -- Diseases of conjunctiva -- Diseases of cornea -- Diseases of sclera -- Diseases of uveal tract -- Diseases of lens -- Glaucoma -- Diseases of vitreous -- Diseases of retina -- Neuro-ophthalmology -- Disorders of ocular motility -- Disorders of eyelids -- Diseases of lacrimal apparatus -- Diseases of orbit -- Ocular injuries -- Ocular pharmacology -- Lasers and cryotherapy in ophthalmology -- Systemic ophthalmology -- Community ophthalmology -- Clinical methods in ophthalmology -- Clinical ophthalmic cases -- Darkroom procedures -- Ophthalmic instruments and operative ophthalmology.
520 ## - SUMMARY, ETC.
Summary, etc The supplementary book Review of Ophthalmology is also thoroughly revised and updated with recent advances, new concepts and principles of investigation, treatment, and surgical procedures developed since the previous edition. The second half of the book provides multiple choice questions corresponding to each of the twenty review chapters. -- Publisher.
650 #0 - SUBJECT ADDED ENTRY--TOPICAL TERM
Topical term or geographic name as entry element Ophthalmology
Form subdivision Outlines, syllabi, etc.
650 #0 - SUBJECT ADDED ENTRY--TOPICAL TERM
Topical term or geographic name as entry element Ophthalmology
Form subdivision Problems, exercises, etc.
650 #2 - SUBJECT ADDED ENTRY--TOPICAL TERM
Topical term or geographic name as entry element Ophthalmology.
650 #7 - SUBJECT ADDED ENTRY--TOPICAL TERM
Topical term or geographic name as entry element Ophthalmology.
Source of heading or term fast
Authority record control number (OCoLC)fst01046503
655 #2 - INDEX TERM--GENRE/FORM
Genre/form data or focus term Outlines.
655 #2 - INDEX TERM--GENRE/FORM
Genre/form data or focus term Problems and Exercises.
655 #7 - INDEX TERM--GENRE/FORM
Genre/form data or focus term Outlines and syllabi.
Source of term fast
Authority record control number (OCoLC)fst01423836
655 #7 - INDEX TERM--GENRE/FORM
Genre/form data or focus term Problems and exercises.
Source of term fast
Authority record control number (OCoLC)fst01423783
700 1# - ADDED ENTRY--PERSONAL NAME
Personal name Khurana, Aruj K.,
Relator term author.
700 1# - ADDED ENTRY--PERSONAL NAME
Personal name Khurana, Bhawna,
Relator term author.
740 0# - ADDED ENTRY--UNCONTROLLED RELATED/ANALYTICAL TITLE
Uncontrolled related/analytical title Comprehensive Ophthalmology.
906 ## - LOCAL DATA ELEMENT F, LDF (RLIN)
a 7
b cbc
c copycat
d 2
e ncip
f 20
g y-gencatlg
942 ## - ADDED ENTRY ELEMENTS (KOHA)
Source of classification or shelving scheme Library of Congress Classification
Koha item type Books
Holdings
Withdrawn status Lost status Source of classification or shelving scheme Damaged status Not for loan Permanent Location Current Location Date acquired Total Checkouts Full call number Barcode Date last seen Price effective from Koha item type
    Library of Congress Classification     NILE UNIVERSITY OF NIGERIA - MAIN LIBRARY NILE UNIVERSITY OF NIGERIA - MAIN LIBRARY 03/13/2026   RE 46 .K48 2023 0199574 03/13/2026 03/13/2026 Books